000 00560nam a22001697a 4500
003 OSt
005 20260211153147.0
008 260211b |||||||| |||| 00| 0 eng d
040 _cMRSPTU
041 _aEnglish
100 _aAmandeep Singh Sodhi, Supervisor: Dr. Sanjiv Kumar Aggarwal
245 _aCase Study on Maintenance Management of a Goverment Educational Building
260 _bDepartment of Civil Engg. MRSPTU, Bathinda
_c2018
650 _aCivil Engineering
856 _uhttp://163.47.215.52:8080/jspui/handle/123456789/358
942 _2ddc
_cTH
_n0
999 _c10901
_d10901